Statistics for African geography quiz

Click here to take the quiz!

General Stats

  • This quiz has been taken 534 times
    (524 since last reset)
  • The average score is 12 of 15

Answer Stats

HintAnswer% Correct
largest Island in AfricaMadagascar
92%
Has 3 capital citiesSouth Africa
91%
Surrounded by SenegalGambia
86%
borders the Mediterranean and Red seaEgypt
84%
largest countryAlgeria
83%
land locked by one other countryLesotho
79%
Addis AbabaEthiopia
78%
number of countries bordering Tunisia2
76%
capital is FreetownSierra Leone
75%
capital is JubaSouth Sudan
70%
Territory is Western SaharaMorocco
69%
MogadishuSomalia
69%
capital of NamibiaWindhoek
68%
capital is LomeTogo
66%
directly south of RwandaBurundi
65%

Score Distribution

Percentile by Number Answered

Percent of People with Each Score

Your Score History

You have not taken this quiz since the last reset